000 00630nam a22002057a 4500
999 _c4765
_d4765
003 AR-CdUCM
008 190311b ||||| |||| 00| 0 spa d
040 _aMUNICIPALIDAD PROVINCIAL DEL CUSCO
_cBIBLIOTECA MUNICIPAL DEL CUSCO
082 _a818.5 /
_bW82
100 _aWoolrich, Cornell (William Irish)
_914744
245 _aAngel Negro /
260 _aBarcelona :
_bEdiciones Acervo ;
_c1963.
300 _a263 páginas ;
_c19cm
505 _aContenido: Novela
650 _aLiteratura estadounidense
_911000
650 _aSiglo XX
_98
700 _aAroca, Jose M. (traducción)
_914745
942 _2ddc
_cLIBROS
945 _anom